000 00353nam a2200157Ia 4500
003 OSt
005 20231118043618.0
008 170524s9999 xx 000 0 und d
020 _a0-7506-2076-5
040 _cIIMT
100 _aLawson-Fred
245 0 _aRestaurant Clubs and Bars
260 _bArchitectural Press
260 _c1994
942 _2ddc
_c02
999 _c6995
_d6995